000 00611 a2200253 4500
260 _bUnited Nations
300 _a95 p.
245 _aThe use of bamboo and reeds in building construction
650 _aConstruction de bâtiment
650 _aBambou
650 _aRotin
650 _aProduit forestier
650 _aPlante pour construction
650 _aUtilisation
260 _aNew York
300 _bill. ; cm.
260 _c1972
130 _lEN
440 _aDepartment of Economic and Social Affairs
710 _aUnited Nations
690 _aRoseau
999 _c28414
_d28414